Applied physics: notes and examples in SI units for students of nautical science / (Record no. 234)

000 -LEADER
fixed length control field 00536nam a2200169Ia 4500
008 - FIXED-LENGTH DATA ELEMENTS--GENERAL INFORMATION
fixed length control field 190805s9999||||xx |||||||||||||| ||und||
020 ## - INTERNATIONAL STANDARD BOOK NUMBER
International Standard Book Number 9780851746241
Terms of availability £ 35.00
082 04 - DEWEY DECIMAL CLASSIFICATION NUMBER
Classification number 621
Item number C6253
100 1# - MAIN ENTRY--PERSONAL NAME
Personal name Clough-Smith, J. H.
245 10 - TITLE STATEMENT
Title Applied physics: notes and examples in SI units for students of nautical science /
250 ## - EDITION STATEMENT
Edition statement 5th ed.
260 ## - PUBLICATION, DISTRIBUTION, ETC. (IMPRINT)
Place of publication, distribution, etc Glasgow :
Name of publisher, distributor, etc Brown, Son & Ferguson Ltd,
Date of publication, distribution, etc 1994
300 ## - PHYSICAL DESCRIPTION
Extent xv, 596 p.
Other physical details : ill.
Dimensions ; 22 cm.
650 #0 - SUBJECT ADDED ENTRY--TOPICAL TERM
Topical term or geographic name as entry element Physics
852 ## - LOCATION/CALL NUMBER
Location
942 ## - ADDED ENTRY ELEMENTS (KOHA)
Item type Books
Holdings
Withdrawn status Lost status Damaged status Not for loan Collection code Permanent location Current location Shelving location Date acquired Source of acquisition Cost, normal purchase price Total Checkouts Full call number Barcode Date last seen Date last borrowed Koha item type Public note
        Physics IMU Kochi Library IMU Kochi Library General Stacks 2017-07-25 Sterling Book House 3024.00 6 621 C6253 BK004182 2023-04-18 2023-04-18 Books Shelf-9, Row-3
        Physics IMU Kochi Library IMU Kochi Library General Stacks 2017-08-03 Excel Books Pvt. Ltd. 3048.00 1 621 C6253 BK004503 2024-05-09 2024-01-23 Books Shelf-9, Row-3
        Physics IMU Kochi Library IMU Kochi Library General Stacks 2017-07-25 Sterling Book House 3024.00 7 621 C6253 BK004181 2023-04-25 2023-04-25 Books Shelf-9, Row-3


Copyright © All Rights Reserved by Indian Maritime University, Kochi Campus.
For any Suggestions/Query Contact to library or Email: library.kochi@imu.ac.in Ph:(0484)-2989402
(Web OPAC Designed by Rudra Ranjan. Maintained by IMU Kochi Library)

Powered by Koha